[Event "Medellin Aristizabal Cup"]
[Site "Medellin"]
[Date "2019.06.22"]
[Round "3"]
[White "Alvarez, Alfonso"]
[Black "Castano Herrera, Saray"]
[Result "0-1"]
[WhiteElo "1953"]
[BlackElo "1510"]
[PlyCount "52"]
[EventDate "2019.06.21"]
[EventType "swiss"]
[EventRounds "7"]
[EventCountry "COL"]
[SourceTitle "EXT 2020"]
[Source "ChessBase"]
[SourceDate "2019.10.17"]
[SourceVersion "1"]
[SourceVersionDate "2019.10.17"]
[SourceQuality "1"]

1. c4 Nf6 2. Nc3 g6 3. d4 Bg7 4. e4 d6 5. Nf3 0-0 6. Be2 Nbd7 7. h3 e5 8. d5 Nc5 9. Qc2 a5 10. Be3 Nfd7 11. 0-0 f5 12. exf5 gxf5 13. Ng5 b6 14. g4 h6 15. Ne6 Nxe6 16. dxe6 Nc5 17. gxf5 Bb7 18. Nd5 Bxd5 19. cxd5 Qf6 20. Bh5 Qh4 21. Bf7+ Rxf7 22. exf7+ Kxf7 23. Kh2 e4 24. Rh1 Rg8 25. f4 exf3 26. f6 Bxf6 0-1

[Event "Ocana op 1st"]
[Site "Ocana"]
[Date "2015.09.26"]
[Round "3"]
[White "Jaimes Contreras, Renzon Alexis"]
[Black "Alvarez, Alfonso"]
[Result "0-1"]
[WhiteElo "1567"]
[BlackElo "1955"]
[PlyCount "26"]
[EventDate "2015.09.25"]
[EventType "swiss"]
[EventRounds "7"]
[EventCountry "COL"]
[SourceTitle "EXT 2016"]
[Source "ChessBase"]
[SourceDate "2015.10.08"]
[SourceVersion "1"]
[SourceVersionDate "2015.10.08"]
[SourceQuality "1"]

1. d4 d5 2. Nf3 Nc6 3. e3 e6 4. Nc3 Qf6 5. a3 g6 6. Bd3 Bd6 7. 0-0 Bd7 8. Bd2 Bc5 9. b3 0-0-0 10. h3 Be7 11. b4 a6 12. Nb5 axb5 13. Bxb5 h5 0-1

[Event "Medellin Cuartas Memorial"]
[Site "Medellin"]
[Date "2011.08.06"]
[Round "5"]
[White "Alvarez, Alfonso"]
[Black "Aristizabal Lopez, Jorge Alberto"]
[Result "1-0"]
[WhiteElo "2035"]
[BlackElo "1878"]
[PlyCount "36"]
[EventDate "2011.08.03"]
[EventType "swiss"]
[EventRounds "8"]
[EventCountry "COL"]
[SourceTitle "CBM 144 Extra"]
[Source "ChessBase"]
[SourceDate "2011.10.28"]
[SourceVersion "1"]
[SourceVersionDate "2011.10.28"]
[SourceQuality "1"]

1. c4 e5 2. Nc3 Nf6 3. e4 Be7 4. Nf3 d6 5. Qc2 0-0 6. d4 exd4 7. Nxd4 c6 8. Bd3 h6 9. 0-0 b6 10. f4 Be6 11. Nce2 Nfd7 12. Bd2 Bf6 13. Bc3 Qc7 14. Nb3 Nc5 15. Nxc5 bxc5 16. b3 Qd8 17. Rad1 Bc8 18. Ng3 Nd7 1-0